Η Φιλοσοφία της μοντέρνας τέχνης
Αποθηκεύτηκε σε:
| Κύριος συγγραφέας: | |
|---|---|
| Μορφή: | Βιβλίο |
| Γλώσσα: | Greek |
| Δημοσίευση: |
Αθήνα :
Κάλβος,
[196-]
|
| Θέματα: | |
| Ετικέτες: |
Προσθήκη ετικέτας
Δεν υπάρχουν, Καταχωρήστε ετικέτα πρώτοι!
|
MARC
| LEADER | 00000nam a2200000 i 4500 | ||
|---|---|---|---|
| 001 | 1/70922 | ||
| 008 | 960308q19601988 gre d | ||
| 035 | |a 1988 |b 2 |c Αγορά/Καμπουροπούλου |l 10030795 | ||
| 040 | |a GR-MY-UA |b gre |e aacr | ||
| 041 | 0 | |a gre | |
| 082 | 0 | |a 709.04 | |
| 100 | 1 | |a Read, Herbert, |d 1893-1968. | |
| 245 | 1 | 2 | |a Η Φιλοσοφία της μοντέρνας τέχνης / |c Herbert Read ; μετάφραση Σ.Ροζάνης |
| 260 | |a Αθήνα : |b Κάλβος, |c [196-] | ||
| 300 | |a 119 σ. | ||
| 650 | 0 | 0 | |a Art, Modern |x Philosophy. |
| 852 | |a INST |b RHODES |e 19960308 |h 709.04 REA |p 005400003082 |q 005400003082 |t BK |y 0 | ||
| 852 | |a INST |b RHODES |e 19960308 |h 709.04 REA |p 005400003083 |q 005400003083 |t BK |y 0 | ||
| 852 | |a INST |b RHODES |e 19960308 |h 709.04 REA |p 005400003084 |q 005400003084 |t BK |y 0 | ||
| 852 | |a INST |b RHODES |e 19960308 |h 709.04 REA |p 005400003085 |q 005400003085 |t BK |y 0 | ||
| 909 | |a Ρ |b 011621 |c 1988 | ||
| 909 | |a Ρ |b 011622 |c 1988 | ||
| 909 | |a Ρ |b 011623 |c 1988 | ||
| 909 | |a Ρ |b 011624 |c 1988 | ||